000 00692nam a2200277Ia 4500
005 20260324135937.0
008 008 260324s9999 xx 000 0 eng d
020 _a9780429104404
037 _aEBOOK
040 _aCRL
040 _beng
040 _cCRL
041 _2eng
041 _aeng
084 _qCRL
100 _aK.M. Scow; Graham E. Fogg; Michael L. Johnson; David E. Hinton
_91202524
245 0 _aIntegrated Assessment of Ecosystem Health
260 _bTaylor and Francis
260 _c1999
365 _a
365 _b340
856 _uhttp://www.taylorfrancis.com/books/9780429104404
942 _cEBOOK
999 _c1804088
_d1804088